The capture / (Record no. 2524)

MARC details
000 -LEADER
fixed length control field 01343cam a22002893a 4500
005 - DATE AND TIME OF LATEST TRANSACTION
control field 20240126152823.0
020 ## - INTERNATIONAL STANDARD BOOK NUMBER
International Standard Book Number 0439405572 (pbk.)
020 ## - INTERNATIONAL STANDARD BOOK NUMBER
International Standard Book Number 9780439405577
040 ## - CATALOGING SOURCE
Original cataloging agency EOW
Transcribing agency EOW
Modifying agency OCLCQ
-- DLC
Language of cataloging eng
050 00 - LIBRARY OF CONGRESS CALL NUMBER
Classification number PZ7.L3274
082 ## - DEWEY DECIMAL CLASSIFICATION NUMBER
Classification number 813.6
100 1# - MAIN ENTRY--PERSONAL NAME
Personal name Lasky, Kathryn
245 14 - TITLE STATEMENT
Title The capture /
Statement of responsibility, etc. by Kathryn Lasky
250 ## - EDITION STATEMENT
Edition statement First printing, September 2003
260 ## - PUBLICATION, DISTRIBUTION, ETC.
Place of publication, distribution, etc. New York :
Name of publisher, distributor, etc. Scholastic,
Date of publication, distribution, etc. 2003
300 ## - PHYSICAL DESCRIPTION
Extent 226 pages :
Dimensions 20 cm
505 ## - FORMATTED CONTENTS NOTE
Formatted contents note R
520 ## - SUMMARY, ETC.
Summary, etc. A classic hero mythology about the fight between good and evil, Guardians of Ga'Hoole is filled with adventure, suspense, and heart.Soren is born in the forest of Tyto, a tranquil kingdom where the Barn Owls dwell. But evil lurks in the owl world, evil that threatens to shatter Tyto's peace and change the course of Soren's life forever.Soren is captured and taken to a dark and forbidding canyon. It's called an orphanage, but Soren believes it's something far worse. He and his friend Gylfie know that the only way out is up. To escape,...
521 ## - TARGET AUDIENCE NOTE
Target audience note 730
Source Lexile
521 ## - TARGET AUDIENCE NOTE
Target audience note R
Source Raz-Plus
650 #0 - SUBJECT ADDED ENTRY--TOPICAL TERM
Topical term or geographic name entry element Owls
Form subdivision Juvenile fiction.
650 #0 - SUBJECT ADDED ENTRY--TOPICAL TERM
Topical term or geographic name entry element Gylfie (Fictitious character)
Form subdivision Juvenile fiction.
650 #0 - SUBJECT ADDED ENTRY--TOPICAL TERM
Topical term or geographic name entry element Tyto (Imaginary place)
Form subdivision Juvenile fiction.
906 ## - LOCAL DATA ELEMENT F, LDF (RLIN)
a 7
b cbc
c copycat
d 3
e ncip
f 20
g y-gencatlg
942 ## - ADDED ENTRY ELEMENTS (KOHA)
Source of classification or shelving scheme Dewey Decimal Classification
Koha item type Books
Suppress in OPAC No
999 ## -
-- 2524
-- 2524
Holdings
Withdrawn status Lost status Source of classification or shelving scheme Damaged status Not for loan Collection Home library Current library Shelving location Date acquired Total Checkouts Full call number Barcode Date last seen Copy number Price effective from Koha item type
    Dewey Decimal Classification     Fiction Footprints International School Library Network Toul Kork Campus Footprints International School Library Network Toul Kork Campus   12/13/2023   LAS 813.6 PZ7.L3274 FISSE00443 04/08/2025 1 12/13/2023 Books
    Dewey Decimal Classification     Fiction Footprints International School Library Network Toul Kork Campus Footprints International School Library Network Toul Kork Campus   01/26/2024   LAS 813.6 PZ7.L3274 FIS03829 01/26/2024 2 01/26/2024 Books